| 000 | 00843nam a2200205Ii 4500 | ||
|---|---|---|---|
| 003 | JO-AjNU | ||
| 008 | 230605s9999||||xx |||||||||||||| ||und|| | ||
| 017 | _a2009/8/3557 | ||
| 040 |
_aJO-AjNU _bara _erda _cJO-AjNU |
||
| 041 | _aara | ||
| 050 | 1 | 4 | _aPJ75050.5.U93.S55 2009 |
| 100 | 3 |
_aتحقيق شهاب،اسامة يوسف, _eauthor _924911 |
|
| 245 | 0 | 0 | _aالعلامة روكس بن زائد العزيزي وجهودة في توثيق اعلام الأدب والفكر(1903م-2004م)، ج3+4 |
| 264 | 3 | 1 | _aعمان: الجامعة الأردنية، 2009 |
| 300 |
_aج3،ج4، 545ص _bيشتمل على ملاحق ووثائق (417-545 )ص |
||
| 336 |
_atext _btxt _2rdacontent |
||
| 337 |
_aunmediated _bn _2rdamedia |
||
| 338 |
_avolume _bnc _2rdacarrier |
||
| 650 | 4 |
_aالأدباء العرب-التراجم-الأردن _924912 |
|
| 999 |
_aA9248 _c12816 _d12816 |
||